| 000 | 01183nam a2200313 i 4500 | ||
|---|---|---|---|
| 005 | 20210727153344.0 | ||
| 008 | 160801s2006 ck a gs 000 0 spa d | ||
| 020 | _a9589718108 | ||
| 040 |
_aCO-BoRNBP _bspa _cCO-BoRNBP _erda |
||
| 082 | 0 | 4 |
_a728.92 _bO76m |
| 100 | 1 |
_aOsorio Díaz, Doris Liliana _eautora |
|
| 245 | 1 | 0 |
_aManual de construcciones agropecuarias _cDoris Liliana Osorio Díaz y Juan Carlos Roldán G. ; ilustrado por Jaime Durán Naranjo |
| 250 | _aPrimera edición | ||
| 264 | 1 |
_aBogotá _bGrupo Latino _c2006 |
|
| 300 |
_a65 páginas _bilustraciones en blanco y negro _c27 cm |
||
| 336 |
_atexto _btxt _2rdacontent |
||
| 337 |
_asin mediación _bn _2rdamedia |
||
| 338 |
_avolumen _bnc _2rdacarrier |
||
| 490 | _aVolvamos al campo | ||
| 504 | _aIncluye referencias bibliográficas | ||
| 650 | 1 | 4 |
_aConstrucciones rurales _vManuales _2LEMB |
| 650 | 1 | 4 |
_aEstablos _xDiseño y construcción _2LEMB |
| 650 | 1 | 4 |
_aGallineros _xDiseño y construcción _2LEMB |
| 650 | 1 | 4 |
_aCercas _xDiseño y construcción _2LEMB |
| 650 | 1 | 4 |
_aEmbalses _xDiseño y construcción _2LEMB |
| 700 | 1 | _aRoldán G., Juan Carlos | |
| 700 | 1 |
_aDurán Naranjo, Jaime, _eilustrador |
|
| 942 |
_2ddc _cBK |
||
| 999 |
_c6622 _d6622 |
||